International Business Management Readings and Cases
Guardado en:
| Autor principal: | |
|---|---|
| Otros Autores: | |
| Formato: | Libro |
| Lenguaje: | inglés |
| Publicado: |
Belmont
Wadsworth Pub. Co.
1964
|
| Edición: | 1. ed. |
| Etiquetas: |
Sin Etiquetas, Sea el primero en etiquetar este registro!
|
MARC
| LEADER | 00000nam a2200000 4500 | ||
|---|---|---|---|
| 001 | c034184 | ||
| 005 | 20221220101942.9 | ||
| 041 | 0 | |a eng | |
| 044 | |a US | ||
| 245 | 1 | 0 | |a International Business Management |b Readings and Cases |c John S. Ewing, Frank Meissner |
| 250 | |a 1. ed. | ||
| 264 | 1 | |a Belmont |b Wadsworth Pub. Co. |c 1964 | |
| 300 | |a 560 s. | ||
| 100 | 1 | |a Ewing, John S. | |
| 700 | 1 | |a Meissner, Frank | |